Планирование на предприятии: учебное пособие

Dades bibliogràfiques
Altres autors: Скоморощенко А. А. Анна Александровна, Белкина Е. Н. Елена Николаевна, Герасимов А. Н. Алексей Николаевич, Айдинова А. Т. Анжелика Тагировна, Громов Е. И. Евгений Иванович, Капустина Е. И. Елена Ивановна
Sumari:На обл. авт. не указаны
Включает вопросы теории и методологии планирования на предприятии, стратегического планирования, разработки бизнес-плана, использования информационных технологий в планировании, специфики планирования внешнеэкономической деятельности предприятия, а также их прикладное использование в практике планирования. В учебном пособии приведен практикум по планированию на предприятии, включающий деловую игру, пример разработки бизнес-плана, задачи, темы эссе, тестовые задания, темы докладов и курсовых работ, вопросы к экзамену, глоссарий и пр. Изучение планирования на предприятии формирует основы практических знаний, необходимых как специалистам, так и предпринимателям. Пособие предназначено для студентов, обучающихся по экономическим направлениям, аспирантам, преподавателям, руководителям и специалистам предприятий различных организационно-правовых форм и отраслей народного хозяйства.
Idioma:rus
Publicat: Санкт-Петербург, Лань, 2018
Col·lecció:Учебники для вузов. Специальная литература
Бакалавриат и магистратура
Matèries:
Format: Llibre
KOHA link:https://koha.lib.tpu.ru/cgi-bin/koha/opac-detail.pl?biblionumber=340747

MARC

LEADER 00000nam0a2200000 4500
001 340747
005 20231102005255.0
010 |a 9785811428199 
035 |a (RuTPU)RU\TPU\book\367689 
090 |a 340747 
100 |a 20180405d2018 m y0rusy50 ca 
101 0 |a rus 
102 |a RU 
105 |a y j 001zy 
200 1 |a Планирование на предприятии  |e учебное пособие  |f А. А. Скоморощенко [и др.] 
210 |a Санкт-Петербург  |c Лань  |d 2018 
215 |a 278 с. 
225 1 |a Учебники для вузов. Специальная литература 
225 1 |a Бакалавриат и магистратура 
300 |a На обл. авт. не указаны 
320 |a Глоссарий: с. 263-271 
320 |a Библиогр.: с. 272-274 
330 |a Включает вопросы теории и методологии планирования на предприятии, стратегического планирования, разработки бизнес-плана, использования информационных технологий в планировании, специфики планирования внешнеэкономической деятельности предприятия, а также их прикладное использование в практике планирования. В учебном пособии приведен практикум по планированию на предприятии, включающий деловую игру, пример разработки бизнес-плана, задачи, темы эссе, тестовые задания, темы докладов и курсовых работ, вопросы к экзамену, глоссарий и пр. Изучение планирования на предприятии формирует основы практических знаний, необходимых как специалистам, так и предпринимателям. Пособие предназначено для студентов, обучающихся по экономическим направлениям, аспирантам, преподавателям, руководителям и специалистам предприятий различных организационно-правовых форм и отраслей народного хозяйства. 
606 1 |a Предприятия  |x Планирование  |2 stltpush  |3 (RuTPU)RU\TPU\subj\36683  |9 57976 
610 1 |a экономика 
610 1 |a управленческая деятельность 
610 1 |a стратегическое планирование 
610 1 |a организации 
610 1 |a риски 
610 1 |a бизнес-планирование 
610 1 |a бизнес-планы 
610 1 |a информационные технологии 
610 1 |a внешнеэкономическая деятельность 
610 1 |a практикумы 
610 1 |a финансы 
610 1 |a учебные пособия 
686 |a У9(2)29-23я73  |v LBC/SL-A  |2 rubbk 
701 1 |a Скоморощенко  |b А. А.  |g Анна Александровна 
701 1 |a Белкина  |b Е. Н.  |g Елена Николаевна 
701 1 |a Герасимов  |b А. Н.  |g Алексей Николаевич 
701 1 |a Айдинова  |b А. Т.  |g Анжелика Тагировна 
701 1 |a Громов  |b Е. И.  |g Евгений Иванович 
701 1 |a Капустина  |b Е. И.  |g Елена Ивановна 
801 1 |a RU  |b 63413507  |c 20180405 
801 2 |a RU  |b 63413507  |c 20191213  |g RCR 
942 |c BK 
959 |a 1/20180221  |d 1  |e 970,00  |f ЧЗГЛ:1